000 00657nas a2200241 4500
001 BR9212578
003 BR-BrBNA
005 20231205094807.0
007 ta
008 230509b bl.|||p| |||| 00| 00por d
040 _aBR-BrBNA
_bpor
_cBiblioteca Nacional de Agricultura
041 _a(Pt)
072 _aF30
100 1 _aStamatiu, A.
245 1 _aO charme exotico dos anturios
650 _aAnturio
650 _aPlanta Ornamental
650 _aMelhoramento Vegetal
650 _aPratico
773 0 _tSitios e Jardins (Brazil)
_x
_g(Aug 1992), v. 5(55) p. 36-41
_wBR9212578
909 _a202311
_bLúcia
_c55
_dLúcia Elande
942 _2AGRIS
_n0
_cANA
999 _c146880
_d146880